| Tag |
First Indicator |
Second Indicator |
Subfields |
| LEADER |
00000cam a2200000 a 4500 |
| 001 |
in00001404519 |
| 005 |
20151020052250.0 |
| 008 |
970721s1997 vauab b f001 0 eng d |
| 010 |
|
|
|a gp 97066034
|
| 035 |
|
|
|a (OCoLC)37325063
|
| 035 |
|
|
|9 AHM3409AM
|
| 040 |
|
|
|d XBM
|d GPO
|d DLC
|d MvI
|d UtOrBLW
|
| 043 |
|
|
|a n-us---
|
| 074 |
|
|
|a 0624-B
|
| 086 |
0 |
|
|a I 19.42/4:96-4233
|
| 100 |
1 |
|
|a Lapham, Wayne W.
|
| 245 |
1 |
0 |
|a Guidelines and standard procedures for studies of ground-water quality :
|b selection and installation of wells, and supporting documentation.
|
| 246 |
3 |
0 |
|a Selection and installation of wells, and supporting documentation
|
| 264 |
|
1 |
|a Reston, Va. :
|b U.S. Dept. of the Interior, U.S. Geological Survey ;
|c 1997.
|
| 264 |
|
2 |
|a Denver, Colo. :
|b For sale by the Branch of Information Services [distributor],
|
| 300 |
|
|
|a vii, 110 pages :
|b illustrations (some color), maps ;
|c 28 cm.
|
| 336 |
|
|
|a text
|b txt
|2 rdacontent
|
| 337 |
|
|
|a unmediated
|b n
|2 rdamedia
|
| 338 |
|
|
|a volume
|b nc
|2 rdacarrier
|
| 490 |
1 |
|
|a Water-resources investigations report ;
|v 96-4233
|
| 500 |
|
|
|a Shipping list number: 97-0290-P.
|
| 504 |
|
|
|a Includes bibliographical references (pages 95-105).
|
| 500 |
|
|
|a Includes index.
|
| 650 |
|
0 |
|a Groundwater
|z United States
|x Quality
|x Measurement.
|
| 650 |
|
0 |
|a Groundwater
|x Sampling
|z United States.
|
| 650 |
|
0 |
|a Monitoring wells
|z United States.
|
| 700 |
1 |
|
|a Wilde, Franceska D.
|
| 700 |
1 |
|
|a Koterba, Michael T.
|
| 710 |
2 |
|
|a Geological Survey (U.S.)
|
| 830 |
|
0 |
|a Water-resources investigations report ;
|v 96-4233.
|
| 999 |
|
|
|a MARS
|
| 999 |
f |
f |
|s e060849c-a0b4-3b7c-a455-d48d000e054f
|i 6ff2ba25-1d7d-3db3-85fd-26e286975269
|t 0
|
| 952 |
f |
f |
|p normal
|a Texas A&M University
|b College Station
|c Sterling C. Evans Library
|d Evans: US Documents (Annex 5th floor)
|t 0
|e I 19.42/4:96-4233
|h Superintendent of Documents classification
|i unmediated -- volume
|m A14822493983
|
| 998 |
f |
f |
|a I 19.42/4:96-4233
|t 0
|l Evans: US Documents (Annex 5th floor)
|